Statystyki dla Prowincje Chin

Kliknij tutaj aby rozwiązać quiz!

Ogólne statystyki

  • Ten quiz został rozwiązany 143 razy
  • Średni wynik to 9 z 22

Statystyki odpowiedzi

Prowincja% Poprawnych
Hubei
56%
Hebei
55%
Syczuan
54%
Shaanxi
51%
Shanxi
51%
Anhui
42%
Guangdong
42%
Hajnan
42%
Hunan
42%
Junnan
40%
Fujian
37%
Gansu
36%
Henan
35%
Jilin
32%
Liaoning
32%
Qinghai
32%
Heilongjiang
31%
Jiangsu
31%
Jiangxi
29%
Kuejczou
29%
Zhejiang
29%
Szantung
28%

Rozkład punktacji

Percentyl według liczby udzielonych odpowiedzi

Procent ludzi z każdym wynikiem

Twoja historia wyników

Nie rozwiązałeś tego quizu